Women's Badminton world rankings (01/01/2025) - Statistics

General Stats
  • This quiz has been taken 24 times
    23 since last reset
  • The average score is 16 of 50
Answer Stats
Nationality World Ranking Answer % Correct
South Korean 1 An Se Young
95%
Japanese 3 Akane Yamaguchi
90%
Spanish 10 Carolina Marin
90%
Chinese 4 Chen Yu Fei
85%
Indonesian 6 Gregoria Mariska Tunjung
70%
Chinese 5 Han Yue
70%
Thai 17 Ratchanok Intanon
70%
Taiwanese 8 Tai Tzu Ying
70%
Chinese 2 Wang Zhi Yi
70%
Singaporean 13 Yeo Jia Min
70%
Japanese 12 Tomoka Miyazaki
65%
Indian 15 Pusarla V. Sindhu
60%
Canadian 22 Michelle Li
55%
American 16 Beiwen Zhang
50%
Japanese 20 Nozomi Okuhara
45%
Japanese 7 Aya Ohori
40%
South Korean 21 Kim Ga Eun
40%
Taiwanese 31 Pai Yu Po
40%
Thai 14 Pornpawee Chochuwong
40%
Indonesian 18 Putri Kusuma Wardani
40%
Thai 9 Supanida Katethong
40%
German 49 Yvonne Li
35%
Indonesian 34 Ester Nurumi Tri Wardoyo
30%
Thai 11 Busanan Ongbamrungphan
25%
Chinese 19 Gao Fang Jie
25%
South Korean 27 Sim Yu Jin
25%
Scottish 29 Kirsty Gilmour
20%
Indian 32 Malvika Bansod
15%
Japanese 23 Natsuki Nidaira
15%
Vietnamese 35 Thuy Linh Nguyen
15%
Taiwanese 30 Wen Chi Hsu
15%
Danish 26 Line Højmark Kjaersfeldt
10%
Danish 28 Mia Blichfeldt
10%
Malaysian 43 Goh Jin Wei
5%
Danish 36 Line Christophersen
5%
Taiwanese 38 Lin Hsiang-Ti
5%
Thai 45 Pornpicha Choeikeewong
5%
Chinese 24 Zhang Yi Man
5%
Indian 47 Aakarshi Kashyap
0%
Indian 46 Anupama Upadhyaya
0%
Taiwanese 33 Chiu Pin Chian
0%
Japanese 41 Hina Akechi
0%
Danish 37 Julie Dawall Jakobsen
0%
Japanese 40 Kaoru Sugiyama
0%
Indonesian 44 Komang Ayu Cahya Dewi
0%
American 42 Lauren Lam
0%
Japanese 48 Manami Suizu
0%
Indian 50 Rakshitha Sree Santhosh Ramraj
0%
Japanese 39 Riko Gunji
0%
Taiwanese 25 Sung Shao Yun
0%
No matching quizzes found
Score Distribution
Percent of People with Each Score
Percentile by Number Answered
Your Score History
You have not taken this quiz since the last reset